[Event "NSV Open-ch Rapid 2019"]
[Site "Lueneburg"]
[Date "2019.08.04"]
[Round "7.17"]
[White "Mundt, Alexandra"]
[Black "Joppien, Arne"]
[Result "0-1"]
[WhiteElo "1756"]
[BlackElo "1940"]
[Annotator "NA RC"]
[PlyCount "68"]
[EventDate "2019.08.03"]
[EventType "swiss"]
[EventCountry "GER"]
[SourceTitle "playchess.com"]
[Source "ChessBase"]
[SourceQuality "1"]
[TimeControl "600+5"]

1. e4 {[%emt 0:00:00]} c6 {[%emt 0:00:00]} 2. d4 {[%emt 0:00:00]} d5 {[%emt 0:00:00]} 3. Nd2 {[%emt 0:00:00]} dxe4 {[%emt 0:00:00]} 4. Nxe4 {[%emt 0:00:02]} Bf5 {[%emt 0:00:01]} 5. Ng3 {[%emt 0:00:01]} Bg6 {[%emt 0:00:01]} 6. h4 {[%emt 0:00:01]} h6 {[%emt 0:00:02]} 7. Nf3 {[%emt 0:00:05]} Nd7 {[%emt 0:00:04]} 8. h5 {[%emt 0:00:32]} Bh7 {[%emt 0:00:02]} 9. Bd3 {[%emt 0:00:02]} Bxd3 {[%emt 0:00:02]} 10. Qxd3 {[%emt 0:00:02]} e6 {[%emt 0:00:02]} 11. Bf4 {[%emt 0:00:05]} Qa5+ {[%emt 0:00:05]} 12. c3 {[%emt 0:00:05]} Ngf6 {[%emt 0:00:07]} 13. Nd2 {[%emt 0:00:48]} b5 {[%emt 0:00:44]} 14. Nde4 {[%emt 0:00:42]} Nd5 {[%emt 0:02:09]} 15. Nd6+ {[%emt 0:00:41]} Bxd6 {[%emt 0:00:09]} 16. Bxd6 {[%emt 0:00:01]} N7f6 {[%emt 0:00:46]} 17. O-O {[%emt 0:00:14]} Qd8 {[%emt 0:00:52]} 18. Ba3 {[%emt 0:01:52]} a5 {[%emt 0:00:16]} 19. b3 {[%emt 0:00:08]} b4 {[%emt 0:00:12]} 20. cxb4 {[%emt 0:00:12]} axb4 {[%emt 0:00:04]} 21. Bb2 {[%emt 0:00:01]} O-O {[%emt 0:00:13]} 22. Qc4 {[%emt 0:00:09]} Qd6 {[%emt 0:00:50]} 23. Rfc1 {[%emt 0:00:20]} Rfc8 {[%emt 0:00:12]} 24. Rc2 {[%emt 0:02:50]} Qf4 {[%emt 0:00:10]} 25. Bc1 {[%emt 0:00:27]} Qh4 {[%emt 0:00:16]} 26. Bd2 {[%emt 0:00:23]} Rab8 {[%emt 0:01:24]} 27. Rac1 {[%emt 0:01:09]} Nxh5 {[%emt 0:00:49]} 28. Nxh5 {[%emt 0:00:01]} Qxh5 {[%emt 0:00:02]} 29. Qa6 {[%emt 0:00:20]} Qg4 {[%emt 0:00:19]} 30. Rxc6 {[%emt 0:00:57]} Rxc6 {[%emt 0:00:05]} 31. Qxc6 {[%emt 0:00:05]} Qxd4 {[%emt 0:00:10]} 32. Be1 {[%emt 0:00:11]} Nf4 {[%emt 0:01:03]} 33. Kh1 {[%emt 0:00:12]} Ne2 {[%emt 0:01:01]} 34. f3 {[%emt 0:00:12]} Qg1# {[%emt 0:00:38]} 0-1

[Event "NSV Open-ch Rapid 2019"]
[Site "Lueneburg"]
[Date "2019.08.04"]
[Round "7.18"]
[White "Rothenberg, Nina"]
[Black "Becker, Martin Alexander"]
[Result "1/2-1/2"]
[WhiteElo "1768"]
[BlackElo "2373"]
[Annotator "TA"]
[PlyCount "117"]
[EventDate "2019.08.03"]
[EventType "swiss"]
[EventCountry "GER"]
[SourceTitle "playchess.com"]
[Source "ChessBase"]
[SourceQuality "1"]

{[%evp 9,117,35,30,28,24,31,45,22,22,11,32,18,82,10,28,23,96,20,87,0,43,45,47,53,66,48,69,85,80,31,51,57,55,24,203,206,312,194,362,134,129,135,283,276,276,284,311,260,261,260,251,188,181,183,208,159,293,190,228,218,235,233,239,234,214,0,0,0,45,-29987,-29988,-29987,-114,-702,0,0,161,163,319,319,319,318,293,254,222,148,145,0,0,-109,-108,-164,-164,-150,-57,-164,-99,-162,-162,-178,-168,-228,-228,-228,-210,-228,-8,-8,-8,-8]} 1. e4 c5 2. Nc3 Qa5 (2... d6 3. Nf3 Nf6 4. h3 g6 5. d4 cxd4 6. Nxd4 Bg7 7. g3 Nc6 8. Be3 O-O 9. Bg2 Nxd4 10. Bxd4 Be6 11. O-O a6 12. Re1 Rc8 13. Nd5 Bxd5 14. exd5 Nd7 15. Bxg7 Kxg7 16. c3 Re8 17. Qd4+ {1-0 (39) Nakamura,H (2761)-Vachier Lagrave,M (2780) Abidjan 2019}) 3. g3 Nc6 4. Bg2 g6 5. Nge2 Bg7 6. O-O {B23: Closed Sicilian: Lines without g3} e6 $146 ({Predecessor:} 6... d6 7. d3 Nf6 8. Bd2 Qb6 9. Nf4 e6 10. a4 {1-0 (29) Hohlbein,M (2095)-Haffner,E (1858) Gau Algesheim 2011}) 7. d3 Nge7 8. Be3 {White is slightly better.} O-O 9. Qd2 Nd4 10. f4 Rb8 (10... d6 $11 {remains equal.}) 11. Rab1 (11. f5 $1 $16 {[%cal Rf5f6] f6 is the strong threat.} gxf5 12. Nf4) 11... b5 12. a3 Bb7 (12... b4 $11 13. axb4 Qxb4) 13. Bf2 (13. b4 $1 $16 {[%cal Rb4a5]} Nxe2+ 14. Nxe2 (14. Qxe2 cxb4 15. axb4 Qa6 $14) 14... cxb4 15. axb4) 13... Rfd8 (13... Nxe2+ $11 14. Qxe2 Bxc3 15. bxc3 d6) 14. Qc1 ({White should try} 14. b4 $16 cxb4 15. axb4 (15. Bxd4 bxc3 16. Bxc3 Bxc3 $11)) 14... d5 15. e5 Nxe2+ 16. Nxe2 b4 17. axb4 Qxb4 18. c3 $1 {[%cal Rc3b4]} Qb5 19. Qd2 Ba6 20. Rfd1 $1 Nc6 21. Bf1 Na5 $2 (21... d4 $11) 22. b4 $18 {And now Qa2 would win.} cxb4 (22... Nc6 $142 23. Bxc5 Bf8) 23. Rxb4 Qc6 $2 (23... Qd7 24. Qa2 Nc6) 24. Bxa7 $2 (24. Qa2 $18 {has better winning chances.}) 24... Rxb4 $16 25. cxb4 Nb7 (25... Qb7 $16 {was called for.} 26. Bc5 (26. bxa5 Qxa7+ 27. d4 Rb8 $11) 26... Nb3) 26. Ra1 $18 {Hoping for Nd4.} Bb5 27. Nd4 Qd7 28. Nxb5 Qxb5 29. d4 Qd7 30. Bc5 Nxc5 31. bxc5 Rb8 32. Qc3 f6 (32... Bf8 $16 33. Bd3 Be7) 33. Rc1 Qc6 34. Qa3 fxe5 35. fxe5 ({Less strong is} 35. dxe5 Bf8 $14) 35... Bh6 36. Ra1 Qb7 37. Qa6 $2 (37. Bh3 $18) 37... Be3+ 38. Kg2 Qf7 {Threatens to win with ...Qf2+.} 39. Qd3 $2 {[%mdl 8192]} (39. Be2 $14) 39... Rb2+ 40. Kh3 {[#]} Bg5 $2 (40... Qf3 $1 {[%mdl 512] mates} 41. Qd1 {[#]} Qf2 $1 {[%mdl 512]} 42. Be2 Rxe2 43. Qh1 Qf8 44. Ra8 Qxa8 45. Qf1 Qa2 46. Qh1 Qd2 47. Kg4 Rxh2 48. Qxh2 Qxh2 49. Kf3 Qf2+ 50. Kg4 Qf5+ 51. Kh4 Qh5#) 41. Bg2 $2 {[%mdl 8192]} (41. Ra8+ $17 Kg7 42. Bg2) 41... Rf2 $2 (41... Qf8 $19 {( -> ...Qh6+)} 42. Kg4 Rd2) 42. Rf1 $36 {[%mdl 2048] Black is under pressure.} Rxf1 $2 (42... Qf8 $11 {and Black is okay.} 43. Kg4 Be3) 43. Bxf1 $18 ({Much less strong is} 43. Qxf1 $6 Qxf1 44. Bxf1 Kf7 $11) 43... Qf5+ $2 (43... Kf8) 44. Qxf5 gxf5 {[%mdl 4096] Endgame KB-KB} 45. c6 {White wants to mate with c7.} Bd8 46. Ba6 Kf7 47. Bc8 Ke7 48. Bd7 ({Better is} 48. Kh4 $16) 48... Bb6 $11 49. Kg2 (49. Bc8 $11 {keeps the balance.}) 49... Bxd4 $17 50. Kf3 (50. h3 $17) 50... Bxe5 $19 51. Ke3 Kd6 (51... Bb8 $17 52. Bc8 Bc7) 52. Kd3 ({White has to play} 52. Bc8 $15) 52... Bf6 ({Black should play} 52... f4 $19 53. Bc8 fxg3 54. hxg3 Ke7) 53. Ke3 (53. Bc8 $17) 53... h6 54. Kd3 e5 55. Bxf5 (55. h4 {might work better.}) 55... Kxc6 56. h3 Kd6 57. g4 e4+ $2 {[#]} (57... Bg5 $19 58. Bh7 Bh4) 58. Bxe4 $1 $11 {[%mdl 512]} dxe4+ 59. Kxe4 {Accuracy: White = 31%, Black = 30%.} 1/2-1/2

[Event "NSV Open-ch Rapid 2019"]
[Site "Lueneburg"]
[Date "2019.08.04"]
[Round "7.19"]
[White "Doederlein, Etienne"]
[Black "Marzik, Hans"]
[Result "1/2-1/2"]
[WhiteElo "1868"]
[BlackElo "2105"]
[Annotator "TA"]
[PlyCount "66"]
[EventDate "2019.08.03"]
[EventType "swiss"]
[EventCountry "GER"]
[SourceTitle "playchess.com"]
[Source "ChessBase"]
[SourceQuality "1"]

{[%evp 13,66,16,13,-2,23,-206,-9,-242,-29,-39,-34,-44,-21,-35,0,-2,0,-51,-23,-37,-4,-38,-37,-83,-75,-83,-83,-238,-217,-231,-245,-239,-229,-191,-131,-254,-241,-214,-220,-390,-372,-362,-375,-439,-434,-420,-395,-470,-476,-818,-825,-824,-811,-776,-758]} 1. f4 Nf6 2. Nf3 g6 3. g3 Bg7 4. Bg2 O-O 5. O-O d6 6. d3 c5 7. e4 Nc6 8. Nbd2 {B20: Sicilian: Unusual White 2nd moves} Bd7 $146 ({Predecessor:} 8... Rb8 9. a4 a6 10. h3 b5 11. g4 Nd7 12. axb5 axb5 13. Rf2 Bb7 14. Nf1 Ra8 15. Rb1 Ra2 16. c3 Qa8 17. Be3 Qa4 18. d4 Qxd1 19. Rxd1 cxd4 20. Nxd4 Nxd4 21. cxd4 Rc8 22. Rd3 {½-½ (22) Laznicka,V (2651)-Lupulescu,C (2609) Germany 2016}) 9. b3 $2 {[#]} (9. a4 $11) 9... Rb8 $2 (9... Nxe4 $1 $19 {[%mdl 512] And now ...Nc3 would win.} 10. Nxe4 Bxa1) 10. a4 $2 {[#]} (10. Bb2 $11) 10... a6 $2 ({Black should play} 10... Nxe4 $1 $19 {[%mdl 512] aiming for ...Nc3.} 11. Ba3 (11. Nxe4 Bxa1) 11... Bxa1 12. Qxa1 Nxd2 13. Nxd2 Nd4) 11. Bb2 $11 b5 12. axb5 axb5 13. Qe2 Nb4 14. c3 Nc6 15. Ra2 (15. d4 $11) 15... Qc8 16. Rfa1 Ne8 17. Kh1 Nc7 18. d4 {[#]} b4 $1 {White must now prevent ...bxc3.} 19. c4 cxd4 ({But not} 19... Nxd4 20. Nxd4 cxd4 21. e5 $11) 20. Qd3 $2 (20. e5 $17) 20... Ne6 $19 21. Ne1 Nc5 22. Qe2 e5 23. Nd3 Bg4 (23... Nxd3 $19 24. Qxd3 Nd8) 24. Bf3 (24. Qf1 $17 {was the only chance.}) 24... Bxf3+ 25. Qxf3 Re8 26. fxe5 $2 (26. Rf1) 26... Nxe5 27. Nxe5 dxe5 (27... Bxe5 $2 28. Ra7 $17) 28. Rf1 Re7 29. Ra5 Qc6 30. Rfa1 Bh6 {Black is clearly winning.} 31. Ra7 (31. Bc1 $142) 31... Rxa7 32. Rxa7 Rf8 33. Bc1 f5 {[%mdl 32768] Accuracy: White =  6%, Black = 49%. . An unexpected result.} 1/2-1/2

[Event "NSV Open-ch Rapid 2019"]
[Site "Lueneburg"]
[Date "2019.08.04"]
[Round "7.20"]
[White "Rick, Niklas Corvin"]
[Black "Wirries, Frank-Michael"]
[Result "0-1"]
[WhiteElo "1444"]
[BlackElo "1858"]
[Annotator "NA RC"]
[PlyCount "80"]
[EventDate "2019.08.03"]
[EventType "swiss"]
[EventCountry "GER"]
[SourceTitle "playchess.com"]
[Source "ChessBase"]
[SourceQuality "1"]
[TimeControl "600+5"]

1. d4 {[%emt 0:00:00]} Nf6 {[%emt 0:00:00]} 2. c4 {[%emt 0:00:03]} g6 {[%emt 0:00:00]} 3. Nf3 {[%emt 0:00:03]} Bg7 {[%emt 0:00:00]} 4. Bf4 {[%emt 0:00:02]} d6 {[%emt 0:00:02]} 5. e3 {[%emt 0:00:07]} O-O {[%emt 0:00:05]} 6. Be2 {[%emt 0:00:14]} Re8 {[%emt 0:01:11]} 7. h3 {[%emt 0:00:09]} Nbd7 {[%emt 0:00:03]} 8. O-O {[%emt 0:00:05]} Nh5 {[%emt 0:00:35]} 9. Bh2 {[%emt 0:00:07]} e5 {[%emt 0:00:09]} 10. Nc3 {[%emt 0:00:35]} e4 {[%emt 0:00:58]} 11. Nd2 {[%emt 0:00:20]} Nhf6 {[%emt 0:00:01]} 12. Qc2 {[%emt 0:00:11]} b5 {[%emt 0:02:20]} 13. Ndxe4 {[%emt 0:00:19]} Nxe4 {[%emt 0:00:28]} 14. Nxe4 {[%emt 0:00:05]} bxc4 {[%emt 0:00:14]} 15. Bxc4 {[%emt 0:00:08]} Nb6 {[%emt 0:00:26]} 16. Bb3 {[%emt 0:00:36]} Bf5 {[%emt 0:00:38]} 17. f3 {[%emt 0:01:02]} d5 {[%emt 0:01:12]} 18. g4 {[%emt 0:00:23]} dxe4 {[%emt 0:00:25]} 19. gxf5 {[%emt 0:00:05]} exf3 {[%emt 0:00:08]} 20. fxg6 {[%emt 0:00:14]} Qg5+ {[%emt 0:00:09]} 21. Kh1 {[%emt 0:00:01]} hxg6 {[%emt 0:01:11]} 22. Rxf3 {[%emt 0:00:22]} Nd5 {[%emt 0:00:23]} 23. Rg1 {[%emt 0:00:40]} Qh5 {[%emt 0:00:01]} 24. e4 {[%emt 0:00:24]} Qxf3+ {[%emt 0:00:03]} 25. Qg2 {[%emt 0:00:04]} Qxg2+ {[%emt 0:00:17]} 26. Rxg2 {[%emt 0:05:51]} Ne3 {[%emt 0:00:17]} 27. Rxg6 {[%emt 0:00:00]} Rxe4 {[%emt 0:00:11]} 28. Be5 {[%emt 0:00:00]} Rxe5 {[%emt 0:00:07]} 29. dxe5 {[%emt 0:00:00]} Re8 {[%emt 0:00:07]} 30. Ra6 {[%emt 0:00:00]} Rxe5 {[%emt 0:00:18]} 31. Rxa7 {[%emt 0:00:00]} Rh5 {[%emt 0:00:03]} 32. Kh2 {[%emt 0:00:00]} Be5+ {[%emt 0:00:04]} 33. Kg1 {[%emt 0:00:00]} Bd4 {[%emt 0:00:14]} 34. Ra8+ {[%emt 0:00:00]} Kg7 {[%emt 0:00:03]} 35. Kh2 {[%emt 0:00:00]} Nf5 {[%emt 0:00:16]} 36. Ra5 {[%emt 0:00:00]} c5 {[%emt 0:00:09]} 37. Bc2 {[%emt 0:00:00]} Be5+ {[%emt 0:00:02]} 38. Kg2 {[%emt 0:00:00]} Ne3+ {[%emt 0:00:01]} 39. Kf2 {[%emt 0:00:00]} Nxc2 {[%emt 0:00:00]} 40. Rxc5 {[%emt 0:00:00]} Bd4+ {[%emt 0:00:02]} 0-1

[Event "NSV Open-ch Rapid 2019"]
[Site "Lueneburg"]
[Date "2019.08.04"]
[Round "7.21"]
[White "Kueck, Alexander"]
[Black "Britsch, Benjamin"]
[Result "0-1"]
[WhiteElo "1374"]
[BlackElo "1835"]
[Annotator "NA RC"]
[PlyCount "58"]
[EventDate "2019.08.03"]
[EventType "swiss"]
[EventCountry "GER"]
[SourceTitle "playchess.com"]
[Source "ChessBase"]
[SourceQuality "1"]
[TimeControl "600+5"]

1. e4 {[%emt 0:00:00]} e6 {[%emt 0:00:00]} 2. d4 {[%emt 0:00:00]} d5 {[%emt 0:00:00]} 3. e5 {[%emt 0:00:05]} c5 {[%emt 0:00:00]} 4. Be3 {[%emt 0:00:12]} cxd4 {[%emt 0:00:35]} 5. Bxd4 {[%emt 0:00:06]} Nc6 {[%emt 0:00:06]} 6. Nf3 {[%emt 0:00:14]} a6 {[%emt 0:00:16]} 7. c4 {[%emt 0:00:17]} Bb4+ {[%emt 0:00:18]} 8. Nc3 {[%emt 0:00:14]} Nge7 {[%emt 0:00:56]} 9. cxd5 {[%emt 0:00:07]} Nxd5 {[%emt 0:00:03]} 10. Be2 {[%emt 0:00:21]} Qa5 {[%emt 0:00:35]} 11. Qd2 {[%emt 0:00:13]} Nxd4 {[%emt 0:00:14]} 12. Nxd4 {[%emt 0:01:06]} Nxc3 {[%emt 0:02:28]} 13. a3 {[%emt 0:01:10]} Nxe2 {[%emt 0:00:25]} 14. Qxb4 {[%emt 0:00:30]} Qxb4+ {[%emt 0:00:03]} 15. axb4 {[%emt 0:00:14]} Nxd4 {[%emt 0:00:02]} 16. O-O {[%emt 0:00:24]} O-O {[%emt 0:00:33]} 17. Rfe1 {[%emt 0:00:15]} Nc2 {[%emt 0:00:04]} 18. Kf1 {[%emt 0:00:16]} Rd8 {[%emt 0:00:17]} 19. f4 {[%emt 0:00:26]} Bd7 {[%emt 0:00:06]} 20. Kf2 {[%emt 0:00:14]} g6 {[%emt 0:00:08]} 21. Rac1 {[%emt 0:00:17]} Nxe1 {[%emt 0:00:03]} 22. Rxe1 {[%emt 0:00:01]} Bc6 {[%emt 0:00:05]} 23. g3 {[%emt 0:01:09]} Rd2+ {[%emt 0:00:06]} 24. Re2 {[%emt 0:00:13]} Rad8 {[%emt 0:00:02]} 25. Ke3 {[%emt 0:00:16]} Rxe2+ {[%emt 0:00:07]} 26. Kxe2 {[%emt 0:00:02]} Rd4 {[%emt 0:00:02]} 27. Ke3 {[%emt 0:00:12]} Rxb4 {[%emt 0:00:02]} 28. Kf2 {[%emt 0:00:10]} Rxb2+ {[%emt 0:00:03]} 29. Ke3 {[%emt 0:00:02]} Rxh2 {[%emt 0:00:03]} 0-1

[Event "NSV Open-ch Rapid 2019"]
[Site "Lueneburg"]
[Date "2019.08.04"]
[Round "7.23"]
[White "Martinez Martin, David"]
[Black "Harnack, Bernhard"]
[Result "0-1"]
[WhiteElo "2388"]
[BlackElo "1712"]
[Annotator "TA"]
[PlyCount "74"]
[EventDate "2019.08.03"]
[EventType "swiss"]
[EventCountry "GER"]
[SourceTitle "playchess.com"]
[Source "ChessBase"]
[SourceQuality "1"]

{[%evp 17,79,50,58,30,40,35,43,12,16,-4,8,0,0,7,9,-20,64,4,33,-52,-34,-20,-3,-196,-166,-916,-909,-897,-742,-934,-909,-1079,-1053,-1083,-1066,-1612,-1606,-2325,-2309,-2247,-2035,-5406,-5322,-29986,-29987,-29987,-29987,-29989,-29986,-29990,-29990,-29993,-29994,-29994,-29994,-29994,-29994,-29995,-29996,-29997,-29998,-29998,-29999,-29999]} 1. e4 e6 2. d4 d5 3. Nc3 dxe4 4. Nxe4 Bd7 5. Nf3 Bc6 6. Bd3 Bxe4 7. Bxe4 c6 8. O-O Nf6 9. Bd3 Bd6 10. Bg5 {C10: French with 3 Nc3: Unusual Black 3rd moves and 3...dxe4} (10. c4 Nbd7 11. b3 Qc7 12. Bb2 O-O 13. Qe2 Rfe8 14. Ne5 a5 15. a3 Rad8 16. Rad1 Bf8 17. Bb1 g6 18. f4 {1-0 (31) Guseinov,G (2646)-Sotsky,A (2363) Minsk 2015}) 10... h6 11. Bh4 Nbd7 12. Re1 {White is slightly better.} Qc7 13. Re2 $146 ({Predecessor:} 13. c4 Bf4 14. Bg3 O-O-O 15. Ne5 Bxe5 16. dxe5 Ng8 17. Qg4 h5 {1-0 (50) Bender,S (2031)-Inngauer,W (1898) Berlin 2009}) 13... g5 14. Bg3 Bxg3 15. fxg3 O-O-O 16. c4 Rdg8 (16... c5 $11) 17. b4 ({White should play} 17. Qd2 $1 $14) 17... h5 (17... g4 $5 {[%cal Rg4f3]} 18. Ne1 h5 $11) 18. b5 ({Better is} 18. Qd2 $14) 18... c5 19. Ne5 Nxe5 20. Rxe5 $2 {[#]} (20. dxe5 $11 {and White is okay.} Nd7 21. Qe1) 20... cxd4 21. Qf3 $2 (21. Re1) 21... Qxe5 $19 22. Rf1 Qe3+ 23. Kh1 Qxf3 24. Rxf3 Rh6 25. a4 h4 26. c5 g4 27. Rf4 hxg3 28. Rxd4 Rxh2+ 29. Kg1 Rd8 30. Rd6 Rxd6 {Black mates.} 31. cxd6 Kd7 32. a5 b6 33. a6 Kxd6 34. Be2 Kc5 35. Bd3 Nd5 36. Be2 f5 37. Bf1 Nf4 0-1

[Event "NSV Open-ch Rapid 2019"]
[Site "Lueneburg"]
[Date "2019.08.04"]
[Round "7.24"]
[White "Marzik, Arne"]
[Black "Schubert, Karl Heinz"]
[Result "0-1"]
[WhiteElo "1366"]
[BlackElo "1335"]
[Annotator "NA RC"]
[PlyCount "80"]
[EventDate "2019.08.03"]
[EventType "swiss"]
[EventCountry "GER"]
[SourceTitle "playchess.com"]
[Source "ChessBase"]
[SourceQuality "1"]
[TimeControl "600+5"]

1. d4 {[%emt 0:00:02]} b6 {[%emt 0:00:00]} 2. Nf3 {[%emt 0:00:02]} Bb7 {[%emt 0:00:00]} 3. g3 {[%emt 0:00:04]} Nf6 {[%emt 0:00:01]} 4. Bg2 {[%emt 0:00:01]} d6 {[%emt 0:00:09]} 5. c4 {[%emt 0:00:05]} e5 {[%emt 0:00:26]} 6. O-O {[%emt 0:00:13]} e4 {[%emt 0:00:08]} 7. Nfd2 {[%emt 0:01:09]} d5 {[%emt 0:00:06]} 8. Nc3 {[%emt 0:00:10]} Qe7 {[%emt 0:00:24]} 9. e3 {[%emt 0:00:24]} Nbd7 {[%emt 0:00:17]} 10. cxd5 {[%emt 0:00:07]} Nxd5 {[%emt 0:00:10]} 11. Ncxe4 {[%emt 0:00:53]} N5f6 {[%emt 0:00:14]} 12. Nxf6+ {[%emt 0:00:04]} Qxf6 {[%emt 0:00:14]} 13. Bxb7 {[%emt 0:00:03]} Rd8 {[%emt 0:00:07]} 14. Bg2 {[%emt 0:00:08]} Bd6 {[%emt 0:00:15]} 15. Ne4 {[%emt 0:00:25]} Qh6 {[%emt 0:00:02]} 16. Nxd6+ {[%emt 0:00:15]} Qxd6 {[%emt 0:00:03]} 17. Re1 {[%emt 0:00:43]} Qg6 {[%emt 0:00:04]} 18. Qa4 {[%emt 0:00:45]} O-O {[%emt 0:00:16]} 19. Qxa7 {[%emt 0:00:25]} Nf6 {[%emt 0:00:03]} 20. Qxc7 {[%emt 0:00:32]} Rc8 {[%emt 0:00:16]} 21. Qxb6 {[%emt 0:00:10]} Qh5 {[%emt 0:00:33]} 22. h3 {[%emt 0:01:02]} Rc2 {[%emt 0:00:27]} 23. Qb3 {[%emt 0:00:50]} Qf5 {[%emt 0:00:07]} 24. f4 {[%emt 0:00:41]} Nh5 {[%emt 0:00:06]} 25. e4 {[%emt 0:00:30]} Qc8 {[%emt 0:00:12]} 26. Kh2 {[%emt 0:01:29]} Nf6 {[%emt 0:00:35]} 27. Be3 {[%emt 0:00:07]} Nxe4 {[%emt 0:00:22]} 28. Rac1 {[%emt 0:00:20]} Rxc1 {[%emt 0:00:18]} 29. Rxc1 {[%emt 0:00:01]} Qe8 {[%emt 0:00:16]} 30. Bxe4 {[%emt 0:00:13]} Qxe4 {[%emt 0:00:03]} 31. a4 {[%emt 0:00:28]} h5 {[%emt 0:00:02]} 32. h4 {[%emt 0:00:04]} Qf3 {[%emt 0:00:09]} 33. Qd1 {[%emt 0:00:06]} Qxe3 {[%emt 0:00:08]} 34. Qe1 {[%emt 0:00:05]} Qxd4 {[%emt 0:00:07]} 35. a5 {[%emt 0:00:02]} Qxb2+ {[%emt 0:00:09]} 36. Kh3 {[%emt 0:00:04]} Qb7 {[%emt 0:00:22]} 37. Ra1 {[%emt 0:00:12]} Qd7+ {[%emt 0:00:06]} 38. Kh2 {[%emt 0:00:01]} Rc8 {[%emt 0:00:15]} 39. Ra2 {[%emt 0:00:08]} Qd5 {[%emt 0:00:22]} 40. Qh1 {[%emt 0:00:03]} Qxa2+ {[%emt 0:00:04]} 0-1